| 000 | 00424cam a22001571 4500 | ||
|---|---|---|---|
| 082 |
_a621.381 _bLAN _cL-11, P-9 |
||
| 100 | 1 |
_aLane, Leonard C. _941507 |
|
| 245 | 1 | 0 | _aElementary industrial electronics. |
| 250 | _a[1st ed.] | ||
| 260 |
_aNew York, _bJ.F. Rider _c[1962] |
||
| 300 |
_a2 v. _billus. _c22 cm. |
||
| 526 |
_a0 _b0 _c0 _d621_381000000000000_LAN |
||
| 650 | 0 | _aElectronics. | |
| 650 | 0 |
_aMCE _9379 |
|
| 942 |
_2ddc _cBK |
||
| 999 |
_c545599 _d545599 |
||